Bazel II a jej vplyv na menovú politiku
Nová koncepcia zreformovaných bazilejských kritérií známych ako Basel II postavená na troch pilieroch. Teoretické vymedzenie menovej politiky a kapitálovej primeranosti. Koncepcia Basel I. Koncepcia Basel II.
Uložené v:
| Hlavný autor: | |
|---|---|
| Médium: | Kapitola |
| Jazyk: | Slovak |
| Predmet: | |
| Tagy: |
Žiadne tagy, Buďte prvý, kto otaguje tento záznam!
|
MARC
| LEADER | 00000nla$a2200000$$$4500 | ||
|---|---|---|---|
| 001 | 0082614 | ||
| 005 | 20240502083219.6 | ||
| 041 | 0 | |a slo | |
| 044 | |a CZ | ||
| 245 | 1 | 0 | |a Bazel II a jej vplyv na menovú politiku |c Ingrid Schreterová |
| 520 | |a Nová koncepcia zreformovaných bazilejských kritérií známych ako Basel II postavená na troch pilieroch. Teoretické vymedzenie menovej politiky a kapitálovej primeranosti. Koncepcia Basel I. Koncepcia Basel II. | ||
| 610 | 2 | 0 | |a bankovníctvo |
| 610 | 2 | 0 | |a banky |
| 610 | 2 | 0 | |a úver |
| 610 | 2 | 0 | |a riziko úverové |
| 610 | 2 | 0 | |a kapitál |
| 610 | 2 | 0 | |a primeranosť kapitálová |
| 610 | 2 | 0 | |a politika menová |
| 610 | 2 | 0 | |a dohody medzinárodné |
| 100 | 1 | |a Schreterová, Ingrid | |